|
|
|
|
| LEADER |
00000naa2a2200000 4500 |
| 001 |
630863 |
| 005 |
20231101133631.0 |
| 035 |
|
|
|a (RuTPU)RU\TPU\conf\32415
|
| 035 |
|
|
|a RU\TPU\conf\32414
|
| 090 |
|
|
|a 630863
|
| 100 |
|
|
|a 20200129d2019 k y0rusy50 ba
|
| 101 |
0 |
|
|a eng
|
| 102 |
|
|
|a RU
|
| 105 |
|
|
|a y z 101zy
|
| 135 |
|
|
|a drgn ---uucaa
|
| 181 |
|
0 |
|a i
|
| 182 |
|
0 |
|a b
|
| 200 |
1 |
|
|a On the influence of a cathode shape on the parameters of current pulses of runaway electron beams at applying voltage pulses with a rise time of 200 NS
|f V. F. Tarasenko, D. V. Beloplotov
|
| 203 |
|
|
|a Текст
|c электронный
|
| 230 |
|
|
|a 1 компьютерный файл (pdf; 316 Kb)
|
| 300 |
|
|
|a Заглавие с титульного экрана
|
| 320 |
|
|
|a [Библиогр.: с. 86 (3 назв.)]
|
| 463 |
|
1 |
|0 (RuTPU)RU\TPU\conf\32407
|t Gas Discharge Plasmas and Their Applications (GDP 2019)
|o 14th International Conference, September 15–21, 2019, Tomsk, Russia
|o abstracts
|f National Research Tomsk Polytechnic University (TPU) ; eds. Yu. D. Korolev, N. N. Koval
|v [С. 86]
|d 2019
|
| 610 |
1 |
|
|a электронный ресурс
|
| 610 |
1 |
|
|a труды учёных ТПУ
|
| 610 |
1 |
|
|a катоды
|
| 610 |
1 |
|
|a параметры
|
| 610 |
1 |
|
|a импульсы
|
| 610 |
1 |
|
|a ток
|
| 610 |
1 |
|
|a пучки электронов
|
| 610 |
1 |
|
|a убегающие электроны
|
| 610 |
1 |
|
|a импульсы напряжения
|
| 610 |
1 |
|
|a время
|
| 610 |
1 |
|
|a нарастание
|
| 610 |
1 |
|
|a формы
|
| 700 |
|
1 |
|a Tarasenko
|b V. F.
|c physicist
|c Professor of Tomsk Polytechnic University, Doctor of physical and mathematical sciences
|f 1946-
|g Victor Fedotovich
|2 stltpush
|3 (RuTPU)RU\TPU\pers\32090
|
| 701 |
|
1 |
|a Beloplotov
|b D. V.
|
| 712 |
0 |
2 |
|a Национальный исследовательский Томский политехнический университет
|b Инженерная школа неразрушающего контроля и безопасности
|b Отделение электронной инженерии
|h 7977
|2 stltpush
|3 (RuTPU)RU\TPU\col\23507
|
| 801 |
|
2 |
|a RU
|b 63413507
|c 20200131
|g RCR
|
| 856 |
4 |
|
|u http://earchive.tpu.ru/handle/11683/57776
|
| 942 |
|
|
|c BK
|